Upside Down Countries Quiz Stats

 Plays Quiz Updated Apr 12, 2013

Also try: 2-State Combos
Challenge
Share
Tweet
Score 0/20 Timer 05:00
1 Play Today
% Correct
Italy
97.7%
United Kingdom
85.2%
Japan
83%
Iceland
74%
India
69.6%
Portugal
52%
Papua New Guinea
50.8%
Brazil
50.8%
Poland
46.8%
Myanmar
45.8%
% Correct
Haiti
43.9%
Senegal
41.3%
Switzerland
40.4%
Zambia
31.7%
Mozambique
31.7%
Oman
27.2%
Jamaica
27%
Paraguay
26%
Dominican Republic
21.7%
Suriname
9.2%

You're not logged in!

Compare scores with friends on all Sporcle quizzes.
Join for Free
OR
Log In

You Might Also Like...

Show Comments

Extras

Top Quizzes Today


Score Distribution

Your Account Isn't Verified!

In order to create a playlist on Sporcle, you need to verify the email address you used during registration. Go to your Sporcle Settings to finish the process.

Report this User

Report this user for behavior that violates our Community Guidelines.

Details: